Short-time geometry of random heat kernels

Αποθηκεύτηκε σε:
Λεπτομέρειες βιβλιογραφικής εγγραφής
Κύριος συγγραφέας: Sowers, R. B. (Richard Bucher) 1965-
Μορφή: Βιβλίο
Γλώσσα:English
Δημοσίευση: Providence, Rhode island : American Mathematical Society, c1998
Σειρά:Memoirs of the American Mathematical Society ; ; 629
Θέματα:
Ετικέτες: Προσθήκη ετικέτας
Δεν υπάρχουν, Καταχωρήστε ετικέτα πρώτοι!

MARC

LEADER 00000nam a2200000 i 4500
001 1/94583
008 991126s1998 eng d
020 |a 0821806491 
035 |l 10054885 
040 |a GR-MY-UA  |b gre  |e aacr 
041 0 |a eng 
082 0 |a 519.2 
100 1 |a Sowers, R. B.  |q (Richard Bucher)  |d 1965- 
245 1 0 |a Short-time geometry of random heat kernels /  |c Richard B. Sowers 
260 |a Providence, Rhode island :   |b American Mathematical Society,   |c c1998 
300 |a viii, 134 p.;  |c 26 cm. 
490 1 |a Memoirs of the American Mathematical Society  |v ; 629 
500 |a Volume 132, number 629 (end of volume) 
500 |a Includes bibliographical references 
650 0 0 |a Heat equation. 
650 0 0 |a Stochastic partial differential equations. 
650 0 0 |a Filters (Mathematics) 
830 0 |a Memoirs of the American Mathematical Society ;  |v ; 629 
852 |a INST  |b SAMOS  |e 19991126  |h 519.2 SOW  |p 005300012388  |q 005300012388  |t BK  |y 0 
901 |a BIBL3-1999-3 
909 |a Σ  |b 063375 
922 |a 3ΕΛΗ  |b 199907  |c ΕΠΕΑΕΚ/ΜΑΘ  |d ΠΑΠΑΣΩΤΗΡΙΟΥ 
970 |a ΓΕΝΟΥΖΟΥ  |b ΧΡΥΣΑΝΘΗ  |z 1999/11/26